Le Cabinet des Fées : (Record no. 258146)
[ view plain ]
| 000 -LEADER | |
|---|---|
| fixed length control field | 01421cam a22002773a 4500 |
| 001 - CONTROL NUMBER | |
| control field | 28891 |
| 003 - CONTROL NUMBER IDENTIFIER | |
| control field | PGUSA |
| 005 - DATE AND TIME OF LATEST TRANSACTION | |
| control field | 20140828083627.0 |
| 008 - FIXED-LENGTH DATA ELEMENTS--GENERAL INFORMATION | |
| fixed length control field | 090520s2009||||xxu|||||s|||||000 | eng d |
| 040 ## - CATALOGING SOURCE | |
| Original cataloging agency | PGUSA |
| Language of cataloging | eng |
| 042 ## - AUTHENTICATION CODE | |
| Authentication code | dc |
| 050 #4 - LIBRARY OF CONGRESS CALL NUMBER | |
| Classification number | PC |
| 245 10 - TITLE STATEMENT | |
| Title | Le Cabinet des Fées : |
| Remainder of title | Or Recreative Readings Arranged for the Express Use of Students in French |
| Medium | [electronic resource] |
| 260 ## - PUBLICATION, DISTRIBUTION, ETC. (IMPRINT) | |
| Name of publisher, distributor, etc | Project Gutenberg, |
| Date of publication, distribution, etc | 2009 |
| 505 0# - FORMATTED CONTENTS NOTE | |
| Formatted contents note | Le Petit Chaperon Rouge -- Le Chat Botté -- Cendrillon -- La Belle au Bois Dormant -- Riquet à la Houppe -- Le Petit Poucet -- Les Fées -- Peau D'âne -- L'oiseau Bleu -- La Bonne Petite Souris -- La Barbe-Bleue -- Finette Cendron -- La Chatte Blanche -- Aurore et Aimée -- La Veuve et ses deux Filles -- La Biche au Bois -- La Belle et la Bête -- La Belle aux Cheveux d'or -- Le Prince Chéri -- Fatal et Fortuné -- Le Prince Tity -- La Grenouille Bienfaisante -- Les Trois Souhaits -- Bellotte et Laideronnette -- Le Pêcheur et le Voyageur -- Le Chien Reconnaissant. |
| 506 ## - RESTRICTIONS ON ACCESS NOTE | |
| Terms governing access | Public domain in the USA. |
| 516 ## - TYPE OF COMPUTER FILE OR DATA NOTE | |
| Type of computer file or data note | Electronic text |
| 653 ## - INDEX TERM--UNCONTROLLED | |
| Uncontrolled term | French language -- Readers |
| 653 ## - INDEX TERM--UNCONTROLLED | |
| Uncontrolled term | Fairy tales |
| 700 1# - ADDED ENTRY--PERSONAL NAME | |
| Personal name | Leprince de Beaumont, Madame |
| Fuller form of name | (Jeanne-Marie), |
| Dates associated with a name | 1711-1780 |
| 700 1# - ADDED ENTRY--PERSONAL NAME | |
| Personal name | Perrault, Charles, |
| Dates associated with a name | 1628-1703 |
| 700 1# - ADDED ENTRY--PERSONAL NAME | |
| Personal name | Gérard, Georges |
| 830 #0 - SERIES ADDED ENTRY--UNIFORM TITLE | |
| Uniform title | Project Gutenberg |
| Volume number/sequential designation | 28891 |
| 856 40 - ELECTRONIC LOCATION AND ACCESS | |
| Uniform Resource Identifier | <a href="http://www.gutenberg.org/ebooks/28891">http://www.gutenberg.org/ebooks/28891</a> |
| 942 ## - ADDED ENTRY ELEMENTS (KOHA) | |
| Koha item type | eBooks |
| Withdrawn status | Lost status | Damaged status | Home library | Current library | Date acquired | Total Checkouts | Date last seen | Price effective from | Koha item type |
|---|---|---|---|---|---|---|---|---|---|
| Project Gutenberg | Project Gutenberg | 08/28/2014 | 08/28/2014 | 08/28/2014 | eBooks |